| 000 | 00797nas a2200265 4500 | ||
|---|---|---|---|
| 001 | BR2012003895 | ||
| 003 | BR-BrBNA | ||
| 005 | 20231205120634.0 | ||
| 007 | ta | ||
| 008 | 230509b bl.|||p| |||| 00| 00por d | ||
| 040 |
_aBR-BrBNA _bpor _cBiblioteca Nacional de Agricultura |
||
| 041 | _a(Pt) | ||
| 072 | _aF03 | ||
| 100 | 1 | _aCorreia, M.C.R. | |
| 100 | 1 | _aBenevides, C.R. | |
| 100 | 1 | _aLima, H.A. de | |
| 245 | 1 | _aDois casos de poliembrionia em Clusiaceae: Clusia criuva Cambess. e Clusia fluminensis Planch Triana | |
| 650 | _aMARICÁ | ||
| 650 | _aPOLIEMBRIOMIA | ||
| 650 | _aRESTINGA | ||
| 650 | _aGERMINAÇÃO | ||
| 773 | 0 |
_tHoehnea (Brazil) _xISSN 0073-2877 _g(Jun 2011), v. 38(2) p. 321-324 _wBR2012003895 |
|
| 909 |
_a202311 _bLúcia _c55 _dLúcia Elande |
||
| 942 |
_2AGRIS _n0 _cANA |
||
| 999 |
_c219509 _d219509 |
||